00487nam a2200157Ia 4500008004100000020001800041041000800059082001500067100002400082245007700106250000600183260003700189300001600226500002300242700006400265220530s9999 xx 000 0 und d a9789384336677 aeng a540.1bBHA aBharati, Avinash V. aApplied ChemistrybFirst Year Degree Course in Engineerig ( Semester II) a1 aNagpurbDas Ganu Prakashanc2021 aXII;202bPB aDas Ganu Prakashan a Das Sarma Indrani B. Shrivastava, Seema A. Rawat Seema G.